000 00539nam a22001937a 4500
003 OSt
005 20260415055313.0
008 260415b |||||||| |||| 00| 0 eng d
020 _a971-8740-69-4
040 _aDWCL - Main Lib.
_cOC
082 _aRes. 512 Al386 2007
100 _aAlferez, Merle S.
245 _aMSA elementary algebra /
_cMerle S. Alferez
260 _aQuezon City :
_bMSA Publishing House,
_cc2007.
300 _a351 p. ;
_c26 cm.
504 _aIncludes index.
650 _a1. Algebra.
942 _2ddc
_cBK-0 CIRC
_n0
999 _c9448
_d9448